000 00716nam a2200229 a 4500
999 _c12581
_d12581
001 12581
003 BD-JhCC
005 20220914113344.0
008 220914s20132019bg |||| ||a| 000 0 ben d
020 _a9847012002759
035 _a(BD-JhCC)12581
040 _aBD-JhCC
_dBD-JhCC
041 _aben
082 _a920
_bASH 2019
100 _aআশরাফ, কাজী মহম্মদ
245 _aসেক্সপীয়র /
_cকাজী মহম্মদ আশরাফ
260 _aঢাকা :
_bকথা প্রকাশ,
_c২০১৯
300 _a৬৩ ‍পৃ. :
_c22 cm.
490 _aজীবনী গ্রন্থমালা
650 _aBiography
942 _2ddc
_cBK